000 01313nam a2200373 a 4500
001 ebr10522379
003 CaPaEBR
006 m u
007 cr cn|||||||||
008 080305s2008 coua sb 001 0 eng d
010 _z 2008010413
020 _z1583215492
020 _z9781583215494
020 _z9781613000717 (e-book)
040 _aCaPaEBR
_cCaPaEBR
035 _a(OCoLC)708029791
050 1 4 _aTD491
_b.C66 2008eb
082 0 4 _a628.1/5
_222
245 0 0 _aConcrete pressure pipe
_h[electronic resource].
250 _a3rd ed.
260 _aDenver, Colo. :
_bAmerican Water Works Association,
_cc2008.
300 _axiv, 269 p. :
_bill.
490 1 _aAWWA manual ;
_vM9
504 _aIncludes bibliographical references and index.
533 _aElectronic reproduction.
_bPalo Alto, Calif. :
_cebrary,
_d2013.
_nAvailable via World Wide Web.
_nAccess may be limited to ebrary affiliated libraries.
650 0 _aWater-pipes.
650 0 _aPipe, Concrete.
650 0 _aPressure vessels.
655 7 _aElectronic books.
_2local
710 2 _aAmerican Water Works Association.
710 2 _aebrary, Inc.
830 0 _aAWWA manual ;
_vM9.
856 4 0 _uhttp://site.ebrary.com/lib/rucke/Doc?id=10522379
_zAn electronic book accessible through the World Wide Web; click to view
999 _c141877
_d141877